000 003270000a22000970004500
100 1 _aMeek, Donald
245 1 0 _a"Falling down as if dead" : Attitudes to unusual phenomena in the skye revival of 1841-1842
300 _aVol. 13, Num. 2 (1995), Páginas 116-128
773 0 _tScottish Bulletin of Evangelical Theology
942 _cANA
999 _c55720
_d55720